| 000 | 01805cam a22004094a 4500 | ||
|---|---|---|---|
| 001 | 15547837 | ||
| 005 | 20100730085253.0 | ||
| 008 | 081125s2010 stkab 001 0 eng | ||
| 010 | _a 2008051270 | ||
| 015 |
_aGBA961752 _2bnb |
||
| 016 | 7 |
_a101490065 _2DNLM |
|
| 016 | 7 |
_a015296678 _2Uk |
|
| 020 | _a044306962X | ||
| 020 | _a9780443069628 | ||
| 035 | _a(OCoLC)ocn278980770 | ||
| 040 |
_aDNLM/DLC _cDLC _dYDX _dNLM _dBTCTA _dUKM _dYDXCP _dDLC |
||
| 042 | _apcc | ||
| 050 | 0 | 0 |
_aRC86.7 _b.E57835 2010 |
| 082 | 0 | 0 |
_a616.025 _222 _bEME |
| 245 | 0 | 0 |
_aEmergency Medicine : _bAn Illustrated Colour Text / _cEdited by Paul Atkinson, Richard Kendall, Lee Van Rensburg ; section editor, Duncan McAuley ; foreword by Jerome R. Hoffman. |
| 260 |
_aEdinburgh ; _aNew York : _bChurchill Livingstone/Elsevier, 2010 _c2010. |
||
| 300 |
_axi, 181 p. : _bill. (chiefly col.) ; _c30 cm. |
||
| 500 | _aIncludes index. | ||
| 504 | _aIncludes bibliographical references and index. | ||
| 650 | 0 |
_aEmergency medicine. _923534 |
|
| 650 | 0 |
_aEmergency medicine _vAtlases. _923535 |
|
| 650 | 1 | 2 |
_aEmergency Medicine _vAtlases. _923536 |
| 650 | 1 | 2 |
_aEmergency Treatment _xmethods _vAtlases. _923537 |
| 650 | 2 | 2 |
_aCritical Care _xmethods _vAtlases. _923538 |
| 653 |
_bNUR _cApril2011 |
||
| 700 | 1 |
_aAtkinson, Paul, _cDr. _923539 |
|
| 700 | 1 |
_aKendall, Richard, _cDr. _923540 |
|
| 700 | 1 |
_aVan Rensburg, Lee, _cFRCS(Orth) _923541 |
|
| 942 |
_2ddc _cNRB |
||
| 999 |
_c15230 _d15230 |
||